000 00589cam a22002054a 4500
005 20250605164310.0
008 250528s ||||||||||||||||||||||||d
035 _a22462
020 _a9789600113990
040 _aGR-AtMCL
_bgre
_dGR-AtMCL
_eAACR2
245 1 _aΠΑΙΔΙ ΚΑΙ ΓΕΓΟΝΟΤΑ ΖΩΗΣ / ΑΡΡΩΣΤΙΑ-ΝΟΣΗΛΕΙΑ-ΔΙΑΖΥΓΙΟ-ΘΑΝΑΤΟΣ
250 _a1
260 _bGutenberg,
_c2010
300 _a181
700 1 _aΛουμακου Μ
_98282
700 1 _aΜπρουσκελη Β
_98283
942 _cBK
999 _c7514
_d7514